000 00353nam a2200121Ia 4500
008 220204s9999 xx 000 0 und d
082 _a669.2/.8
_bHOU.1
100 _aHoughton, P S
245 0 _aMaterials for engineering production. Pt 1. V 1. Ferrous materials
260 _aBrighton
_bMachinery Pub
_c1962
650 _aFerrrous materials
942 _cBK
999 _c28300
_d28300